Sklepy Obuwnicze w PL - Statystyki

Ogólne statystyki
  • Ten quiz został rozwiązany 82 razy
    48 od ostatniego zresetowania
  • Średni wynik to 3 z 7
Statystyki odpowiedzi
Odpowiedź % Poprawnych
CCC
84%
Deichmann
68%
Adidas
37%
Wojas
26%
Eobuwie
24%
Ryłko
24%
Kazar
16%
Nie znaleziono quizów pasujących do podanych kryteriów
Rozkład punktacji
Procent ludzi z każdym wynikiem
Percentyl według liczby udzielonych odpowiedzi
Twoja historia wyników
Nie rozwiązałeś tego quizu od ostatniego zresetowania